Institutional investors in the new financial landscape
Guardado en:
| Formato: | Libro |
|---|---|
| Lenguaje: | inglés |
| Publicado: |
Paris
OECD
1998
|
| Materias: | |
| Etiquetas: |
Sin Etiquetas, Sea el primero en etiquetar este registro!
|
MARC
| LEADER | 00000nam a2200000 4500 | ||
|---|---|---|---|
| 001 | c121477 | ||
| 005 | 20221221084409.1 | ||
| 020 | |a 92-64-15980-0 | ||
| 041 | 0 | |a eng | |
| 044 | |a FR | ||
| 245 | 1 | 0 | |a Institutional investors in the new financial landscape |
| 264 | 1 | |a Paris |b OECD |c 1998 | |
| 300 | |a 488 s. | ||
| 610 | 2 | 0 | |a inštitúcia |
| 610 | 2 | 0 | |a investori |
| 610 | 2 | 0 | |a investície |
| 610 | 2 | 0 | |a spoločnosti investičné |
| 610 | 2 | 0 | |a spoločnosti finančné |
| 610 | 2 | 0 | |a poistenie |
| 610 | 2 | 0 | |a fondy penzijné |
| 610 | 2 | 0 | |a trh kapitálový |
| 610 | 2 | 0 | |a financie |
| 610 | 2 | 0 | |a politika finančná |
| 610 | 2 | 0 | |a trh finančný |
| 610 | 2 | 0 | |a modely |
| 610 | 2 | 0 | |a manažment |
| 610 | 2 | 0 | |a riziko |
| 610 | 2 | 0 | |a regulácia |
| 610 | 2 | 0 | |a fondy investičné |
| 610 | 2 | 0 | |a vklady |
| 610 | 2 | 0 | |a benchmarking |
| 610 | 2 | 0 | |a burzy |
| 610 | 2 | 0 | |a Európa |
| 610 | 2 | 0 | |a svet |
| 610 | 2 | 0 | |a OECD |